Život a práce s AI : co-inteligence

Saved in:
Bibliographic Details
Main Author Mollick, Ethan, 1975- (Author)
Other Authors Vondráček, Martin, 1985- (Translator)
Format Book
LanguageCzech
Published Praha : Grada, 2026
Subjects
ISBN978-80-271-6039-6
Physical Description249 stran : ilustrace ; 21 cm

Cover

LEADER 00000nam a2200000 i 4500
001 115447
003 CZ ZlUTB
005 20260407140302.0
007 ta
008 260309s2026 xr a e f 000 0 cze
015 |a cnb003744659 
020 |a 978-80-271-6039-6  |q (brožováno) :  |c Kč 399,00 
040 |a OLA001  |b cze  |d ABA001  |e rda 
041 1 |a cze  |h eng 
072 7 |a 004.8  |x Umělá inteligence  |2 Konspekt  |9 23 
080 |a 004.8  |2 MRF 
080 |a (0.062)  |2 MRF 
100 1 |a Mollick, Ethan,  |d 1975-  |7 xx0321367  |4 aut 
240 1 0 |a Co-intelligence.  |l Česky 
245 1 0 |a Život a práce s AI :  |b co-inteligence /  |c Ethan Mollick ; z anglického originálu Co-inteligence ... přeložil Martin Vondráček 
246 3 0 |a Co-inteligence 
264 1 |a Praha :  |b Grada,  |c 2026 
300 |a 249 stran :  |b ilustrace ;  |c 21 cm 
336 |a text  |b txt  |2 rdacontent 
337 |a bez média  |b n  |2 rdamedia 
338 |a svazek  |b nc  |2 rdacarrier 
500 |a Název originálu uveden chybně, správně má být: Co-intelligence 
504 |a Obsahuje bibliografické odkazy 
650 0 7 |a umělá inteligence  |7 ph116536  |2 czenas 
650 0 9 |a artificial intelligence  |2 eczenas 
655 7 |a populárně-naučné publikace  |7 fd131864  |2 czenas 
655 9 |a popular works  |2 eczenas 
700 1 |a Vondráček, Martin,  |d 1985-  |7 av20191036164  |4 trl 
710 2 |a Grada (nakladatelství)  |7 kn20080316009  |4 pbl 
910 |a ZLD002 
942 |2 udc 
952 |0 0  |1 0  |4 0  |6 004MOLLICKE  |7 0  |8 BOOK  |9 190655  |a UTBZL  |b UTBZL  |c 006  |d 2026-04-07  |l 0  |o 004/MOLLICK,E.  |p 420010201858  |r 2026-04-07 14:03:47  |v 399.00  |w 2026-04-07  |x N:nákup  |y 04 
992 |a BK  |b SKNEW 
999 |c 115447  |d 115447